Flowers - Hadestown - Statistics

General Stats
  • This quiz has been taken 40 times
  • The average score is 128 of 144
Answer Stats
Role Lyric % Correct
a
100%
A
100%
and
100%
And
100%
he
100%
I
100%
my
100%
the
100%
in
95%
me
95%
on
95%
to
95%
"You
95%
you
95%
You,
95%
Come
91%
down"
91%
ever
91%
Flowers
91%
flowers
91%
go
91%
If
91%
not
91%
now
91%
one
91%
out
91%
remember
91%
said,
91%
Soft
91%
someone
91%
Someone
91%
then
91%
this
91%
walk
91%
when
91%
"when
91%
are
86%
away
86%
behind
86%
beneath
86%
by
86%
face
86%
fall
86%
feel
86%
find
86%
gonna
86%
his
86%
Into
86%
Is
86%
left
86%
Like
86%
made
86%
Men
86%
mine
86%
mouth
86%
Nothing
86%
nothing
86%
Nothing,
86%
Of
86%
open
86%
shade
86%
(Eurydice) side
86%
sun
86%
they
86%
thing,"
86%
way
86%
Eurydice What
86%
(Eurydice) won’t
86%
(Eurydice) anybody
82%
apart
82%
aren’t
82%
bed
82%
bloom
82%
comes
82%
feather
82%
fields
82%
heels
82%
kind
82%
listening?
82%
Lying
82%
rot
82%
sweet
82%
they’re
82%
Turned
82%
turned
82%
until
82%
wake
82%
was
82%
air
77%
asleep
77%
Close
77%
disappear
77%
eyes
77%
laid
77%
Lily
77%
poppy
77%
red
77%
Walking
77%
wanted
77%
white
77%
Dreams
73%
petal
73%
trembled
73%
stream,
68%
No matching quizzes found
Score Distribution
Percent of People with Each Score
Percentile by Number Answered
Your Score History
You have not taken this quiz